Music Quiz

Random Music or Album Quiz

All Avenged Sevenfold Songs Quiz Stats

 Plays Quiz not verified by Sporcle

Challenge
Share
Tweet
Embed
Score 0/80 Timer 20:00
0 Plays Today
Album Song % Correct
NightmareNightmare
98%
Hail to the KingHail to the King
96.1%
City of EvilBeast and the Harlot
88.2%
City of EvilBat Country
88.2%
Avenged SevenfoldAfterlife
86.3%
Waking The FallenUnholy Confessions
84.3%
Avenged SevenfoldAlmost Easy
84.3%
Avenged SevenfoldCritical Acclaim
82.4%
Avenged SevenfoldA Little Piece Of Heaven
82.4%
NightmareSo Far Away
82.4%
NightmareSave Me
82.4%
Hail to the KingShepherd of Fire
82.4%
Waking The FallenWaking the Fallen
80.4%
Hail to the KingThis Means War
80.4%
Hail to the KingAcid Rain
80.4%
City of EvilSeize the Day
78.4%
City of EvilM.I.A.
78.4%
Avenged SevenfoldBrompton Cocktail
78.4%
Avenged SevenfoldLost
78.4%
Avenged SevenfoldDear God
78.4%
NightmareWelcome To The Family
78.4%
NightmareFiction
78.4%
Hail to the KingPlanets
78.4%
Waking The FallenSecond Heartbeat
76.5%
City of EvilBurn It Down
76.5%
Avenged SevenfoldGunslinger
76.5%
NightmareBuried Alive
76.5%
Waking The FallenChapter Four
74.5%
City of EvilTrashed and Scattered
74.5%
City of EvilSidewinder
74.5%
City of EvilStrength of the World
74.5%
Avenged SevenfoldScream
74.5%
NightmareDanger Line
74.5%
NightmareGod Hates Us
74.5%
Hail to the KingDoing Time
74.5%
City of EvilBetrayed
72.5%
NightmareVictim
72.5%
Hail to the KingRequiem
72.5%
Hail to the KingSt. James
72.5%
City of EvilBlinded In Chains
70.6%
Album Song % Correct
City of EvilThe Wicked End
70.6%
Diamonds in the RoughGirl I Know
70.6%
NightmareTonight The World Dies
70.6%
Hail to the KingCrimson Day
70.6%
Sounding The Seventh TrumpetWarmness on the Soul
68.6%
Avenged SevenfoldUnbound (The Wild Ride)
68.6%
Diamonds in the RoughWalk
68.6%
NightmareNatural Born Killer
68.6%
Hail to the KingHeretic
68.6%
Waking The FallenRemenissions
66.7%
Hail to the KingComing Home
66.7%
Sounding The Seventh TrumpetTo End The Rapture
64.7%
Sounding The Seventh TrumpetLips Of Deceit
64.7%
Sounding The Seventh TrumpetStreets
64.7%
Waking The FallenDesecrate Through Reverence
64.7%
Waking The FallenEternal Rest
64.7%
Waking The FallenI Won't See You Tonight Part 1
64.7%
Waking The FallenI Won't See You Tonight Part 2
64.7%
Diamonds in the RoughCrossroads
64.7%
Sounding The Seventh TrumpetDarkness Surrounding
62.7%
Waking The FallenRadiant Eclipse
62.7%
Waking The FallenClairvoyant Disease
62.7%
Sounding The Seventh TrumpetTurn The Other Way
60.8%
Sounding The Seventh TrumpetThe Art Of Subconscious Illusion
60.8%
Waking The FallenAnd All Things Will End
60.8%
Diamonds in the RoughDancing Dead
60.8%
SingleNot Ready to Die
60.8%
SingleCarry On
60.8%
Sounding The Seventh TrumpetShattered By Broken Dreams
58.8%
Sounding The Seventh TrumpetBreaking Their Hold
56.9%
Diamonds in the RoughDemons
56.9%
Diamonds in the RoughFlash Of The Blade
56.9%
Diamonds in the RoughThe Fight
56.9%
Sounding The Seventh TrumpetWe Come Out At Night
54.9%
Sounding The Seventh TrumpetAn Epic Of Time Wasted
54.9%
Sounding The Seventh TrumpetForgotten Faces
54.9%
Sounding The Seventh TrumpetThick And Thin
52.9%
Diamonds in the RoughUntil The End
52.9%
Diamonds in the RoughTension
51%
Single4:00 Am
51%

You're not logged in!

Compare scores with friends on all Sporcle quizzes.
Join for Free
OR
Log In

You Might Also Like...

Show Comments

Extras

Top Quizzes Today


Score Distribution

Your Account Isn't Verified!

In order to create a playlist on Sporcle, you need to verify the email address you used during registration. Go to your Sporcle Settings to finish the process.

Report this User

Report this user for behavior that violates our Community Guidelines.

Details: